[Event "TUR-chT 2nd League"]
[Site "Konya"]
[Date "2018.07.17"]
[Round "2.6"]
[White "Turkkan, Ece"]
[Black "Arkan, Yaren"]
[Result "1/2-1/2"]
[WhiteElo "1532"]
[BlackElo "1576"]
[PlyCount "66"]
[EventDate "2018.07.16"]
[EventType "team-swiss"]
[EventRounds "9"]
[EventCountry "TUR"]
[SourceTitle "EXT 2019"]
[Source "ChessBase"]
[SourceDate "2018.10.10"]
[SourceVersion "1"]
[SourceVersionDate "2018.10.10"]
[SourceQuality "1"]
[WhiteTeam "Karaman Yunus Ortaokulu"]
[BlackTeam "Mugla Ortaca Belediye"]
[WhiteTeamCountry "TUR"]
[BlackTeamCountry "TUR"]

1. d4 d5 2. c4 c6 3. Nf3 Nf6 4. Nc3 e6 5. cxd5 cxd5 6. e3 Nc6 7. Bd3 Be7 8. 0-0 0-0 9. a3 a6 10. b4 b5 11. Bb2 Bb7 12. Rc1 Qb6 13. Ne5 Nxe5 14. dxe5 Nd7 15. Ne2 a5 16. Bd4 Qd8 17. Bxb5 axb4 18. axb4 Bxb4 19. Qb3 Be7 20. Rfe1 Ba6 21. Bxa6 Rxa6 22. Qb7 Ra5 23. Rc7 Nc5 24. Bxc5 Bxc5 25. Qc6 Qa8 26. Rc1 Qxc6 27. Rxc6 Ba3 28. R1c2 g6 29. g3 Rb8 30. Nd4 Bb2 31. Nf3 Rab5 32. Rc8+ Rxc8 33. Rxc8+ Kg7 1/2-1/2

[Event "TUR-chT2"]
[Site "Konya"]
[Date "2017.07.13"]
[Round "7.4"]
[White "Arkan, Yaren"]
[Black "Koruoglu, Sinem"]
[Result "1-0"]
[WhiteElo "1566"]
[BlackElo "1318"]
[PlyCount "73"]
[EventDate "2017.07.09"]
[EventType "team-swiss"]
[EventRounds "9"]
[EventCountry "TUR"]
[SourceTitle "CBM 179 Extra"]
[Source "ChessBase"]
[SourceDate "2017.08.23"]
[SourceVersion "1"]
[SourceVersionDate "2017.08.23"]
[SourceQuality "1"]
[WhiteTeam "Cendosk Cendere Doga"]
[BlackTeam "Burhaniye"]
[WhiteTeamCountry "TUR"]
[BlackTeamCountry "TUR"]

1. e4 e6 2. d4 d5 3. Nc3 Bb4 4. e5 c5 5. a3 Bxc3+ 6. bxc3 Qc7 7. Bd2 Ne7 8. Qg4 Ng6 9. Bd3 Nc6 10. Nf3 Qb6 11. h4 h5 12. Qg3 Nce7 13. 0-0 c4 14. Bxg6 Nxg6 15. Ng5 Ne7 16. Qf3 Nf5 17. g3 f6 18. Nh3 fxe5 19. dxe5 Qc7 20. Nf4 Qf7 21. Rfe1 Ne7 22. Qe2 Qf5 23. Bc1 Bd7 24. a4 Rc8 25. a5 a6 26. Rb1 Rc7 27. Ba3 Nc8 28. Bd6 Rc6 29. Rxb7 Nxd6 30. exd6 Rh6 31. Rb6 Kd8 32. Rxc6 Bxc6 33. Nxe6+ Kd7 34. Nc5+ Kc8 35. Qe7 Kb8 36. Rb1+ Ka8 37. Qd8+ 1-0

[Event "TUR-chT2"]
[Site "Konya"]
[Date "2017.07.10"]
[Round "3.9"]
[White "Arkan, Yaren"]
[Black "Keskin, Isra Damla"]
[Result "1-0"]
[WhiteElo "1566"]
[BlackElo "1413"]
[PlyCount "45"]
[EventDate "2017.07.09"]
[EventType "team-swiss"]
[EventRounds "9"]
[EventCountry "TUR"]
[SourceTitle "CBM 179 Extra"]
[Source "ChessBase"]
[SourceDate "2017.08.23"]
[SourceVersion "1"]
[SourceVersionDate "2017.08.23"]
[SourceQuality "1"]
[WhiteTeam "Cendosk Cendere Doga"]
[BlackTeam "Karaman Akademi"]
[WhiteTeamCountry "TUR"]
[BlackTeamCountry "TUR"]

1. e4 e5 2. Nf3 Nc6 3. Bc4 Bc5 4. d3 h6 5. c3 Nf6 6. Nbd2 d6 7. Bb3 Bg4 8. h3 Bh5 9. Nf1 Bg6 10. Ng3 0-0 11. 0-0 Bb6 12. Nh2 Ne7 13. Qf3 Qd7 14. Bxh6 Nxe4 15. Nxe4 Bxe4 16. dxe4 gxh6 17. Ng4 Nd5 18. Bxd5 Qe7 19. Nxh6+ Kh7 20. Qh5 Qd7 21. Nf5+ Kg8 22. Qg6+ Kh8 23. Qg7# 1-0

[Event "Kemer Turkey Cup"]
[Site "Kemer"]
[Date "2014.02.04"]
[Round "5"]
[White "Bal, Enes Emre"]
[Black "Arkan, Yaren"]
[Result "1-0"]
[WhiteElo "1806"]
[BlackElo "1602"]
[PlyCount "57"]
[EventDate "2014.02.01"]
[EventType "swiss"]
[EventRounds "9"]
[EventCountry "TUR"]
[SourceTitle "CBM 158 Extra"]
[Source "ChessBase"]
[SourceDate "2014.02.28"]
[SourceVersion "1"]
[SourceVersionDate "2014.02.28"]
[SourceQuality "1"]

1. Nf3 d5 2. g3 c5 3. Bg2 Nf6 4. 0-0 Nc6 5. d4 e6 6. c3 Bd7 7. Nbd2 c4 8. Qc2 Be7 9. e4 h6 10. exd5 exd5 11. Ne5 0-0 12. b3 cxb3 13. axb3 Qc7 14. Nxd7 Qxd7 15. Nf3 Rac8 16. Qd3 Rc7 17. Nh4 Bd8 18. Re1 Re8 19. Rxe8+ Qxe8 20. Bf4 Re7 21. Nf3 Nh5 22. Be5 Qd7 23. h3 f6 24. Qg6 fxe5 25. Qxh5 e4 26. Nh4 Rf7 27. c4 dxc4 28. d5 Nb4 29. Bxe4 1-0

[Event "TUR-ch (Women)"]
[Site "Kemer"]
[Date "2012.02.02"]
[Round "8"]
[White "Gulay, Ayca Nuriye"]
[Black "Arkan, Yaren"]
[Result "1-0"]
[WhiteElo "1541"]
[BlackElo "1633"]
[PlyCount "97"]
[EventDate "2012.01.29"]
[EventType "swiss"]
[EventRounds "9"]
[EventCountry "TUR"]
[SourceTitle "CBM 146 Extra"]
[Source "ChessBase"]
[SourceDate "2012.02.29"]
[SourceVersion "1"]
[SourceVersionDate "2012.02.29"]
[SourceQuality "1"]

1. e4 c5 2. Nf3 Nc6 3. d4 cxd4 4. Nxd4 g6 5. Nc3 Bg7 6. Be3 Nf6 7. Bc4 0-0 8. Bb3 d6 9. f3 Bd7 10. Qd2 Rc8 11. h4 h5 12. 0-0-0 Ne5 13. Nde2 Nc4 14. Bxc4 Rxc4 15. Nf4 b5 16. Nfd5 b4 17. Nxf6+ Bxf6 18. Nd5 Bh8 19. Kb1 Re8 20. Nf4 Kh7 21. Qd5 Rxc2 22. Qxf7+ Bg7 23. Qxg6+ Kg8 24. Rd2 Rxd2 25. Bxd2 e5 26. Nxh5 Re7 27. Bg5 Be8 28. Nf6+ Kf8 29. Nxe8 Qxe8 30. Bxe7+ Qxe7 31. h5 Qf6 32. Qxf6+ Bxf6 33. Kc2 Kg7 34. Kb3 a5 35. Rd1 Be7 36. Ka4 Kh6 37. Rh1 Bd8 38. Kb5 Kh7 39. g3 Kh6 40. Kc6 Be7 41. Kd5 Kh7 42. Ke6 Bf8 43. g4 Kh6 44. Kf5 Be7 45. Rd1 Kh7 46. Rd5 a4 47. Ra5 a3 48. bxa3 bxa3 49. Ra7 1-0